000 00317pab a2200121 454500
008 180718b xxu||||| |||| 00| 0 eng d
100 _aStainer, Alan
245 _aCompeting on productivity - the Japanese way
650 _a Productivity
650 _aManagement - Japan
773 _aManagement Services
909 _a24392
999 _c24392
_d24392